| 000 | 00377nam a2200145Ia 4500 | ||
|---|---|---|---|
| 008 | 220204s9999 xx 000 0 und d | ||
| 082 |
_a576.316(06) _bBEN.7 |
||
| 245 | 0 | _aChromosomes today | |
| 260 |
_aLondon _bGeorge Allen & Unwin _c1981 |
||
| 650 | _aChromosome | ||
| 650 | _aCytogenetics | ||
| 650 | _aInduced chromosome variation | ||
| 700 | _aBENNETT, M D | ||
| 942 | _cBK | ||
| 999 |
_c36719 _d36719 |
||